| 000 | 00879nac a22002537a 4500 | ||
|---|---|---|---|
| 001 | BR9407036 | ||
| 003 | BR-BrBNA | ||
| 005 | 20240105121607.0 | ||
| 008 | 230509b bl.|||m| |||| 00| 0 por d | ||
| 040 |
_aBR-BrBNA _bpor _cBiblioteca Nacional de Agricultura |
||
| 072 | _aP33 | ||
| 090 | _aP33 BR9407036 | ||
| 100 | 1 | _aSouza Neto, J.J. de | |
| 110 | 1 |
_aEmpresa de Pesquisa Agropecuaria do Estado de Mato Grosso S.A., Cuiaba (Brasil) _94113 |
|
| 245 | 1 | _aNovo cilindro de sedimentacao para analise granulometrica de solo | |
| 260 | 3 |
_aCuiaba, MT (Brasil): _c1984. |
|
| 300 | _a16 p. | ||
| 490 |
_aDocumentos - Empresa de Pesquisa Agropecuaria do Estado do Mato Grosso S.A. (Brazil) _vno. 1 _xISSN 0102-2423 |
||
| 500 | _aSummary (Pt) | ||
| 650 | _aFisica do Solo | ||
| 650 | _aGranulometria | ||
| 909 |
_a202312 _bLúcia Elande _c55 _dLúcia Elande |
||
| 942 |
_2AGRIS _n0 _cMS |
||
| 999 |
_c286214 _d286214 |
||